<?xml version="1.0" encoding="UTF-8"?>
<record
    xmlns:xsi="http://www.w3.org/2001/XMLSchema-instance"
    xsi:schemaLocation="http://www.loc.gov/MARC21/slim http://www.loc.gov/standards/marcxml/schema/MARC21slim.xsd"
    xmlns="http://www.loc.gov/MARC21/slim">

  <leader>00803nam a2200253Ia 4500</leader>
  <controlfield tag="005">20220727145333.0</controlfield>
  <controlfield tag="008">210716s2013    xx            000 0 und d</controlfield>
  <datafield tag="020" ind1=" " ind2=" ">
    <subfield code="a">9788126542758</subfield>
  </datafield>
  <datafield tag="040" ind1=" " ind2=" ">
    <subfield code="c">AIMIT LIBRARY</subfield>
  </datafield>
  <datafield tag="041" ind1=" " ind2=" ">
    <subfield code="a">eng</subfield>
  </datafield>
  <datafield tag="082" ind1=" " ind2=" ">
    <subfield code="a">005.2764 </subfield>
    <subfield code="2">1</subfield>
    <subfield code="b">GAYJ</subfield>
  </datafield>
  <datafield tag="100" ind1=" " ind2=" ">
    <subfield code="a">Gaylord, Jason N.</subfield>
    <subfield code="9">53548</subfield>
  </datafield>
  <datafield tag="245" ind1=" " ind2=" ">
    <subfield code="a">Professional ASP.NET 4.5 in c# and VB /</subfield>
    <subfield code="c">By Jason N Gaylord N...[et.al].</subfield>
  </datafield>
  <datafield tag="250" ind1=" " ind2=" ">
    <subfield code="a">1st ed.</subfield>
  </datafield>
  <datafield tag="260" ind1=" " ind2=" ">
    <subfield code="a">New Delhi :</subfield>
    <subfield code="b">Wiley India Pvt Ltd ;</subfield>
    <subfield code="c">20130</subfield>
  </datafield>
  <datafield tag="300" ind1=" " ind2=" ">
    <subfield code="a">xlix, 1389p. ;</subfield>
    <subfield code="c">23 cm.</subfield>
  </datafield>
  <datafield tag="650" ind1=" " ind2=" ">
    <subfield code="a">One ASP.NET</subfield>
    <subfield code="9">53549</subfield>
  </datafield>
  <datafield tag="650" ind1=" " ind2=" ">
    <subfield code="a">HTML 5 and CSS3 design with ASP.NET.</subfield>
    <subfield code="9">53564</subfield>
  </datafield>
  <datafield tag="700" ind1=" " ind2=" ">
    <subfield code="a">Wenz, Christian.</subfield>
    <subfield code="9">53550</subfield>
  </datafield>
  <datafield tag="700" ind1=" " ind2=" ">
    <subfield code="a">Rastogi, Pranav.</subfield>
    <subfield code="9">53551</subfield>
  </datafield>
  <datafield tag="700" ind1=" " ind2=" ">
    <subfield code="a">Miranda, Todd.</subfield>
    <subfield code="9">53552</subfield>
  </datafield>
  <datafield tag="700" ind1=" " ind2=" ">
    <subfield code="a">Hanselman, Scott.</subfield>
    <subfield code="9">53553</subfield>
  </datafield>
  <datafield tag="942" ind1=" " ind2=" ">
    <subfield code="2">ddc</subfield>
    <subfield code="c">BK</subfield>
    <subfield code="e">1st</subfield>
    <subfield code="k">005.2764 GAYJ</subfield>
  </datafield>
  <datafield tag="999" ind1=" " ind2=" ">
    <subfield code="c">194026</subfield>
    <subfield code="d">194026</subfield>
  </datafield>
  <datafield tag="952" ind1=" " ind2=" ">
    <subfield code="0">0</subfield>
    <subfield code="1">0</subfield>
    <subfield code="2">ddc</subfield>
    <subfield code="4">0</subfield>
    <subfield code="7">0</subfield>
    <subfield code="8">MCA</subfield>
    <subfield code="a">AIMIT</subfield>
    <subfield code="b">AIMIT</subfield>
    <subfield code="e">Knowledge World</subfield>
    <subfield code="g">749.00</subfield>
    <subfield code="l">0</subfield>
    <subfield code="o">005.2764 GAYJ</subfield>
    <subfield code="p">MCA13267</subfield>
    <subfield code="r">2025-07-21 00:00:00</subfield>
    <subfield code="v">561.75</subfield>
    <subfield code="w">2021-07-16</subfield>
    <subfield code="y">BK</subfield>
  </datafield>
  <datafield tag="952" ind1=" " ind2=" ">
    <subfield code="0">0</subfield>
    <subfield code="1">0</subfield>
    <subfield code="2">ddc</subfield>
    <subfield code="4">0</subfield>
    <subfield code="7">0</subfield>
    <subfield code="8">MCA</subfield>
    <subfield code="a">AIMIT</subfield>
    <subfield code="b">AIMIT</subfield>
    <subfield code="e">Knowledge World</subfield>
    <subfield code="g">749.00</subfield>
    <subfield code="i">Bill no:9844; Bill dt:2009-09-14</subfield>
    <subfield code="l">0</subfield>
    <subfield code="o">005.2764 GAYJ</subfield>
    <subfield code="p">MCA13534</subfield>
    <subfield code="r">2025-07-21 00:00:00</subfield>
    <subfield code="v">561.75</subfield>
    <subfield code="w">2021-07-16</subfield>
    <subfield code="y">BK</subfield>
  </datafield>
</record>
